00254nam a2200109Ia 4500008004100000100001400041245002500055260001800080650002200098942000700120999001700127190216s9999||||xx |||||||||||||| ||und|| aS L Puram 0aChirikkatha Veedukal bCurrent Books aMalayalam Nadakam cBK c24062d24062